005840000a22001810004500003001100000005001700011008004100028020001500069040003900084041000800123082001600131100002100147245008600168260005800254300002400312490002700336650003900363LK-CoMWRAF20240120155005.0230817t1998 ||||| |||| 00| 0 eng d a9559052527 aLK-CoMWRAFdLK-CoMWRAFeLK-CoMWRAF aeng a305.42bBAN aBandarage, Asoka aWomen and social change in Sri Lanka :b towards a feminist theoretical framework aColombo:bCentre for Women's Research (CENWOR),c1998 a iii, 35 p. ; 22 cm aWorking Paper vNo. 11 aWomen- social reformers- Sri Lanka